<?xml version="1.0" encoding="UTF-8"?>
<record
    xmlns:xsi="http://www.w3.org/2001/XMLSchema-instance"
    xsi:schemaLocation="http://www.loc.gov/MARC21/slim http://www.loc.gov/standards/marcxml/schema/MARC21slim.xsd"
    xmlns="http://www.loc.gov/MARC21/slim">

  <leader>02168nam a2200277   4500</leader>
  <controlfield tag="001">ESSALUD</controlfield>
  <controlfield tag="005">20260701112933.0</controlfield>
  <controlfield tag="007">ta</controlfield>
  <controlfield tag="008">      t        pe ||||| |||| 00| 0 spa d</controlfield>
  <datafield tag="040" ind1=" " ind2=" ">
    <subfield code="a">BMG</subfield>
  </datafield>
  <datafield tag="041" ind1=" " ind2=" ">
    <subfield code="a">spa</subfield>
  </datafield>
  <datafield tag="100" ind1=" " ind2=" ">
    <subfield code="a">Pineda Aubi&#xE1;n, Mart&#xED;n </subfield>
    <subfield code="e">Autor</subfield>
    <subfield code="9">53040</subfield>
  </datafield>
  <datafield tag="245" ind1=" " ind2=" ">
    <subfield code="a">La carga de la prueba en el pago por error. Un an&#xE1;lisis del art&#xED;culo 1273 del C&#xF3;digo Civil</subfield>
  </datafield>
  <datafield tag="246" ind1=" " ind2=" ">
    <subfield code="a">The burden of proof in payment by mistake. An analysis of article 1273 of the Civil Code</subfield>
  </datafield>
  <datafield tag="300" ind1=" " ind2=" ">
    <subfield code="a">p&#xE1;ginas 17-22</subfield>
  </datafield>
  <datafield tag="520" ind1=" " ind2=" ">
    <subfield code="a">El autor analiza el r&#xE9;gimen probatorio del pago por error bajo los alcances del art&#xED;culo 1273 del C&#xF3;digo Civil peruano. As&#xED;, comenta la importancia sustantiva y procesal de esta norma, examinando la regla general que atribuye la carga de la prueba al demandante y los supuestos excepcionales de inversi&#xF3;n de dicha carga. Igualmente, estudia las situaciones en las que el demandado debe justificar la retenci&#xF3;n del pago para desvirtuar la pretensi&#xF3;n de restituci&#xF3;n, ofreciendo una visi&#xF3;n integral sobre la din&#xE1;mica probatoria en las controversias de enriquecimiento indebido.</subfield>
  </datafield>
  <datafield tag="520" ind1=" " ind2=" ">
    <subfield code="a">The author analyzes the evidentiary regime of payment by mistake under the scope of Article 1273 of the Peruvian Civil Code. The study discusses the substantive and procedural significance of this provision, examining the general rule thot assigns the burden of proof to the plaintiff, as well as the exceptional circumstances involving the shifting of the burden of proof Furthermore, it explores the scenarios in which the defendant must justify the retention of the payment to rebut the claim far restitution, offering o comprehensive overview of the evidentiary dynamics in unjust enrichment disputes.</subfield>
  </datafield>
  <datafield tag="650" ind1=" " ind2=" ">
    <subfield code="a">CARGA DE LA PRUEBA</subfield>
    <subfield code="9">53041</subfield>
  </datafield>
  <datafield tag="650" ind1=" " ind2=" ">
    <subfield code="a">PAGO POR ERROR</subfield>
    <subfield code="9">53042</subfield>
  </datafield>
  <datafield tag="650" ind1=" " ind2=" ">
    <subfield code="a">ENRIQUECIMIENTO INDEBIDO</subfield>
    <subfield code="9">53043</subfield>
  </datafield>
  <datafield tag="650" ind1=" " ind2=" ">
    <subfield code="a">BURDEN OF PROOF </subfield>
    <subfield code="9">53044</subfield>
  </datafield>
  <datafield tag="650" ind1=" " ind2=" ">
    <subfield code="a">PAYMENT BY MISTAKE </subfield>
    <subfield code="9">53045</subfield>
  </datafield>
  <datafield tag="650" ind1=" " ind2=" ">
    <subfield code="a">UNJUST ENRICHMENT</subfield>
    <subfield code="9">53046</subfield>
  </datafield>
  <datafield tag="773" ind1="0" ind2=" ">
    <subfield code="0">22573</subfield>
    <subfield code="9">22621</subfield>
    <subfield code="d">Lima Grupo Praxis Formaci&#xF3;n Profesional, 2026-</subfield>
    <subfield code="o">PRA002</subfield>
    <subfield code="t">Praxis Civil &amp; Procesal Civil</subfield>
    <subfield code="w">ESSALUD</subfield>
    <subfield code="x">3119-7671</subfield>
  </datafield>
  <datafield tag="942" ind1=" " ind2=" ">
    <subfield code="c">ARTICULOS</subfield>
    <subfield code="e">2026-07-01</subfield>
    <subfield code="z">sqb</subfield>
  </datafield>
  <datafield tag="999" ind1=" " ind2=" ">
    <subfield code="c">22592</subfield>
    <subfield code="d">22592</subfield>
  </datafield>
</record>
